000 00436cam a2200145ua 4500
041 _aeng
_h
082 _a028.74621
_bNIJ/EN
100 _aNithoft, Martins .
245 _aEnergy research and development programme second status report 1975-1978 vol-1 /
_cMartins Nithoft.
_hTextual Documents
260 _aLondon :
_bMartinus Nijhoft publishers ,
_c1979.
300 _a340 ; .
504 _a
942 _cBK
999 _c10314
_d10314